| 000 | 01119nam a2200265 a 4500 | ||
|---|---|---|---|
| 999 |
_c12165 _d12165 |
||
| 001 | 12165 | ||
| 003 | BD-JhCC | ||
| 005 | 20210322121550.0 | ||
| 008 | 210322s20152017bg a|||| |||| 000 0 ban d | ||
| 020 | _a9789848980880 | ||
| 035 | _a(BD-JhCC)12165 | ||
| 040 |
_aBD-JhCC _dBD-JhCC |
||
| 041 | _aban | ||
| 082 |
_a005.7585 _bRAH 2017 |
||
| 100 | _aরহমান, মাহবুবুর | ||
| 245 |
_aওরাকল ডেটাবেজ : _bঅ্যাডমিনিস্ট্রেশন ও ডেভেলপার 10g, 11g, এবং 12c / _cমাহবুবুর রহমান, সাদ আব্দুল ওয়ালী এবং রাজিব আহমেদ |
||
| 260 |
_aঢাকা : _bসিসটেক পাবলিকেশন্স, _c২০১৭. |
||
| 300 |
_a৫০৪ পৃ. : _bচিত্রাবলী, _c২৪ সেমি. |
||
| 650 | _aOracle (Computer file) | ||
| 650 | _aDatabase management | ||
| 650 | _aRelational databases | ||
| 700 | _aওয়ালী, সাদ আব্দুল | ||
| 700 | _aআহমেদ, রাজিব | ||
| 942 |
_2ddc _cBK |
||